000 01605cam a22004454a 4500
001 14673800
003 OSt
005 20140310182745.0
008 061213s2007 mdua b 001 0 eng
010 _a 2006101731
020 _a9781557667823 (pbk.)
020 _a1557667829 (pbk.)
035 _a(DNLM)101295340
040 _aDNLM/DLC
_cDLC
_dDLC
043 _an-us---
050 0 0 _aRJ 102
_b.So63 2007
082 0 0 _a618.92/89
_222
245 0 0 _aSocial & emotional health in early childhood :
_bbuilding bridges between services and systems /
_cedited by Deborah F. Perry, Roxane K. Kaufmann, and Jane Knitzer.
260 _aBaltimore :
_bP.H. Brookes Pub.,
_cc2007.
300 _axxiii, 404 p. :
_bill. ;
_c23 cm.
490 0 _aSystems of care for children's mental health
521 _aPSYCH
562 _efor circulation : 1 copy available in the collection
650 0 _aChild health services
_zUnited States.
650 0 _aChild mental health services
_zUnited States.
650 1 2 _aMental Disorders Diagnosed in Childhood.
650 2 2 _aChild.
650 2 2 _aDevelopmental Disabilities
_xprevention & control.
650 2 2 _aHealth Promotion.
650 2 2 _aInfant.
650 2 2 _aMental Health Services.
700 1 _aPerry, Deborah F.
700 1 _aKaufmann, Roxane K.
700 1 _aKnitzer, Jane.
856 4 1 _3Table of contents only
_uhttp://www.loc.gov/catdir/toc/ecip077/2006101731.html
906 _a7
_bcbc
_corignew
_d1
_eecip
_f20
_gy-gencatlg
942 _2ddc
_cBK
_kFOR
999 _c15632
_d15632